Séville - Culture générale - Statistiques

Statistiques générales
  • Ce quiz a été pris 733 fois
  • Le résultat moyen est 9 sur 15
Statistiques - réponses
Information Réponse % Correct
Région espagnole où elle se trouve Andalousie
95%
Petits plats servis pour l'apéritif ou le repas qui se partagent Tapas
88%
Danse et chant traditionnel muni de castagnettes Flamenco
86%
Origine des occupants de Séville de 710 à 1248 Maure
83%
Continent pour lequel les voyages commençaient par un passage à la Casa de Contratación de Séville Amérique
82%
Pièce de théâtre de Beaumarchais qui conte les histoires de Figaro (1775) Le {Barbier} de Séville
66%
Navigateur portugais qui entama son tour du monde de Séville en 1519 Fernand de Magellan
64%
Personnage fictif (Molière, Mozart...) qui ne vit que pour les désirs et la séduction Don Juan
58%
Club de football qui joue en blanc et vert Real {Betis}
57%
Joueur le plus capé de l'équipe nationale d'Espagne, ancien défenseur du Real Madrid Sergio Ramos
54%
Place spectaculaire qui embrasse l'idée d'unité nationale Place d'{Espagne}
49%
Fleuve qui la relie la ville à la mer Guadalquivir
46%
Fête religieuse d'une semaine précédant Pâques, célébrée avec costumes et cortèges Semaine Sainte
33%
Peintre baroque, natif de Séville, connu pour Les Ménines ou Les Fileuses Diego Vélasquez
31%
Empereur né à Italica en 53, il a une colonne célèbre à son nom à Rome Trajan
24%
Aucun quiz correspondant
Distribution des résultats
% des personnes avec chaque résultat
Percentile par nombre de réponses
Votre historique - résultats
Vous n’avez pas pris ce quiz